| 000 | 00551nam a2200157 a 4500 | ||
|---|---|---|---|
| 001 | 000040279 | ||
| 005 | 20201002034029.0 | ||
| 008 | 130821s1990 ck d 000 0 spa d | ||
| 040 |
_aDO-SdBNP _bspa _cBNPHU |
||
| 082 | _axxx | ||
| 245 | 0 | 0 |
_aDesarrollo humano : _bInforme 1990 / _cprólogo Augusto Ramírez Ocampo; traducción Angela García. |
| 260 |
_aBogotá, Colombia : _bTercer Mundo editores, _bPNUD, _c1990. |
||
| 300 |
_a280 p. : _bdiagrs. ; _c23 cm. |
||
| 700 | 1 |
_aRamírez Ocampo, Augusto, _epról. _966552 |
|
| 700 | 1 |
_aGarcía, Angela, _etr. _964646 |
|
| 999 |
_c39769 _d39769 |
||